000 00580nam a2200205 a 4500
999 _c1503
_d1503
008 200107t2009 xxkad||g |||| 001 0 eng d
020 _a9780521761499
_c$. 59.00
040 _aKO
_beng
041 0 _aeng
044 _axxk
082 0 4 _223
_a387.5068
_bL882
100 1 _aLorange, Peter
245 1 0 _aShipping Strategy :
_bInnovating For Sucess /
_cPeter Lorange
260 _aCambridge :
_bCambridge University Press ,
_c2009.
300 _axviii , 273 p. :
_bill., charts. ;
_c24 cm
504 _aIncludes Index.
650 0 _aShipping
_vTextbooks
942 _cRT